000 00779nam a22002653 4500
001 55900
005 20230410120845.0
008 061214s2007 xx 000 0 eng d
035 _a(OCoLC)ocn148750222
040 _aBTCTA
_cBTCTA
_dBAKER
_dYDXCP
_dDRFGD
020 _a9780393329704
020 _a0393329704
035 _a(OCoLC)148750222
050 1 4 _aJ12j 2007
245 0 0 _aJack Kennedy
_bThe Education of a Statesman.
260 _bW W Norton & Co Inc
_c2007.
300 _a509 p.
720 _aLeaming, Barbara
938 _aBaker and Taylor
_bBTCP
_nBK0007086836
938 _aBaker & Taylor
_bBKTY
_c17.95
_d13.46
_i0393329704
_n0007086836
_sactive
938 _aYBP Library Services
_bYANK
_n2598175
942 _2lcc
_cbk
946 _almminaya
994 _aC0
_bDRFGD
999 _c53227
_d53227